|
|
|
|
| LEADER |
00983ncm a22002652a 4500 |
| 001 |
000189651 |
| 003 |
CZ BrMZK |
| 005 |
20110210130209.0 |
| 007 |
qu |
| 008 |
960101s1943 xr f cze d |
| 015 |
|
|
|a cnb001945863
|
| 040 |
|
|
|a BOA001
|b cze
|
| 072 |
|
7 |
|a 784
|x Vokální hudba
|2 Konspekt
|9 9
|
| 100 |
1 |
|
|a Loukota, Jindřich,
|d 1908-1972
|7 jk01072483
|4 cmp
|
| 245 |
1 |
0 |
|a Vám to dneska sluší
|h [hudebnina] :
|b foxtrot /
|c hudba J. Loukota ; slova Polách - Žalman
|
| 260 |
|
|
|a Brno :
|b Jaroslav Stožický,
|c [1943?]
|
| 300 |
|
|
|a [4] s.
|
| 490 |
1 |
|
|a [Popěvky nakladatelství Jaroslava Stožického] ;
|v 278
|
| 700 |
1 |
|
|a Polách, Bohumír,
|d 1899-1979
|7 jk01100151
|4 lyr
|
| 700 |
1 |
|
|a Žalman, J.,
|d 1909-1997
|7 jo2010565042
|4 lyr
|
| 830 |
|
0 |
|a [Popěvky nakladatelství Jaroslava Stožického]
|
| 910 |
|
|
|a BOA001
|b Mus1-0171.573,278
|
| 990 |
|
|
|a MU
|
| 991 |
|
|
|b 201102
|
| 996 |
6 |
|
|b 2619934116
|c Mus1-0171.573,278
|l MZK
|r Sklad / do 1 hodiny
|n 0
|w 000189651
|u 000010
|a 1
|e BOA001
|j MZK50
|s P
|